2026 NBA Playoff Teams - Sudden Death - Statistics

General Stats
  • This quiz has been taken 11 times
  • The average score is 7 of 16
Answers on the Grid
Answers color-coded by a green-red scale on the quiz's grid according to % correct below.
76ers
Bucks
Bulls
Cavaliers
Celtics
Clippers
Grizzlies
Hawks
Heat
Hornets
Jazz
Kings
Knicks
Lakers
Magic
Mavericks
Nets
Nuggets
Pacers
Pelicans
Pistons
Raptors
Rockets
Spurs
Suns
Thunder
Timberwolves
Trail Blazers
Warriors
Wizards
 
Answer Stats
Answer % Correct
Cavaliers
67%
Lakers
67%
76ers
50%
Celtics
50%
Hawks
50%
Knicks
50%
Nuggets
50%
Pistons
50%
Raptors
50%
Spurs
50%
Thunder
50%
Magic
33%
Rockets
33%
Timberwolves
33%
Suns
17%
Trail Blazers
17%
No matching quizzes found
Score Distribution
Percent of People with Each Score
Percentile by Number Answered
Your Score History
You have not taken this quiz